000 00323nam a22001457a 4500
003 SGT
082 _a615.015
_bN14A
100 _aANTHIKAD , JACOB
245 _aNUTRITION AND BIOCHEMISTRY FOR NURSES
250 _a2ND
260 _aDELHI
_bJAYPEE PUB.
_c2014
300 _a502
650 _aNUTRITION
942 _2ddc
_cBK
_067
999 _c8177
_d8177